| 000 | 00477nam a22001817a 4500 | ||
|---|---|---|---|
| 999 |
_c159301 _d159301 |
||
| 003 | dpl | ||
| 005 | 20181213125652.0 | ||
| 008 | 181213b ||||| |||| 00| 0 eng d | ||
| 020 | _a070097002249 | ||
| 035 | _aA-819340 | ||
| 040 |
_aDPL _bEN _c0 |
||
| 082 | _aS | ||
| 100 | _aLondon, Jack | ||
| 245 |
_aThe csll of the wild _cjack london |
||
| 260 |
_anew york _bplaymore inc., publishers and waldman publishing corp, |
||
| 300 |
_a238p: _c14cm |
||
| 942 |
_2ddc _cCH _hS _mLON |
||